Los intelectuales en la edad media /
Guardado en:
| Autor Principal: | |
|---|---|
| Formato: | Libro |
| Publicado: |
Buenos Aires :
Eudeba,
1965
|
| Materias: | |
| Etiquetas: |
Agregar Etiqueta
Sin Etiquetas, Sea el primero en etiquetar este registro!
|
| LEADER | 00481nam a22001575a 4500 | ||
|---|---|---|---|
| 001 | EHU.bham014513 | ||
| 003 | AR-BHAM | ||
| 005 | 20100318165611.0 | ||
| 008 | 130507s1965##################000#0#####d | ||
| 082 | 9 | 4 | |a 940.1 |
| 100 | 1 | |a Le Goff, Jacques | |
| 245 | 1 | 0 | |a Los intelectuales en la edad media / |c Jacques Le Goff |
| 260 | |a Buenos Aires : |b Eudeba, |c 1965 | ||
| 300 | |a 233p. | ||
| 653 | |a Historia de europa medieval- -1453 | ||
| 859 | |a AR-BHAM |b BIB. HUMANIDADES - General |h 940.1 |i L525 |p 195.88 |t Ej.1 | ||
